Statistics for Countries, US States, Capitals, Elements, 100 Most Common Words: A + B + xyz = C #7

Click here to take the quiz!

General Stats

  • This quiz has been taken 22 times
  • The average score is 31 of 48

Answer Stats

ANSWER% Correct
{}n{eTher}l{And}s{}
86%
{And} 8
86%
{And} 2
86%
{}a{}f{Ghani}s{Tan}
86%
{Ghana} 3
86%
{Way} 9
79%
{Tin} 6
79%
{The} 8
79%
{Tin} 9
79%
{There} 3
79%
{Not} 1
79%
{}p{or}t{-au-Pri}n{Ce}
79%
{Laos} 5
71%
{Utah} 3
71%
{domINi}c{an} r{e}p{ublic}
71%
{Out} 2
71%
{Bern} 1
71%
{nA}y{}p{y}i{daW}
71%
{Our} 3
71%
{Our} 4
71%
{Out} 8
71%
{B}a{t}o{n} {rOu}g{e}
71%
{we}l{}l{IN}g{ton}
71%
{Niger} 8
71%
{Palau} 10
64%
{New} 6
64%
{te}g{u}c{}i{GalPa}
64%
{Them} 6
64%
{}s{}t{rOnTiu}m{}
64%
{Get} 7
64%
{Into} 5
64%
{One} 2
57%
{mOnT}p{e}l{ie}r{}
57%
{rO}e{}n{tgeNiu}m{}
57%
{Peru} 9
57%
{Cairo} 13
57%
{Time} 4
57%
{}c{ha}r{LesTo}n{}
57%
{s}a{o} {toMe} {an}d {pr}i{nCipe}
50%
{}p{rO}m{eTh}i{um}
50%
{N}o{Ua}k{}c{hott}
50%
{uni}t{e}d {S}t{Ates}
43%
{Iceland} 4
43%
{See} 8
36%
{Austin} 10
36%
{Niobium} 5
29%
{Copper} 18
29%
{Minnesota} 7
29%

Score Distribution

Percentile by Number Answered

Percent of People with Each Score

Your Score History

You have not taken this quiz